| 000 | 00687nam a22001457a 4500 | ||
|---|---|---|---|
| 020 |
_a8173154449 _c300.00 |
||
| 100 |
_aसूरजभान सिंह _940897 |
||
| 245 |
_aअंग्रेजी-हिंदी अनुवाद व्याकरण / _cसूरजभान सिंह |
||
| 260 |
_aनई दिल्ली _bप्रभात प्रकाशन _c2010 |
||
| 270 |
_a4/19 आसफ अली रोड _bनई दिल्ली _e110002 |
||
| 300 |
_a310पृ _c22सेमी (सजिल्द) |
||
| 700 | _940884 | ||
| 942 |
_2ddc _cHN _mसुरज |
||
| 999 |
_c62018 _d62018 |
||